000 00398nam a22001697a 4500
003 MPLRDC
005 20220104151706.0
008 210129b ||||| |||| 00| 0 eng d
082 _a835.7 SQW
100 _a沈启无编选
245 _a近代散文抄
_c
250 _a初版
260 _a
_b天虹出版社
_c1957
300 _b
650 _a中国散文总集
942 _cBK
_o835.7 SQW
999 _c52499
_d52489